000 00507nam a2200181Ia 4500
008 240925s9999 xx 000 0 und d
020 _a9788120333666
082 _a621.90230285 STE
100 _aStallings, William
245 0 _aComputer Numerical Control: operation and programming
250 _a3rd
260 _aNew Delhi:
_bPrentice Hall
_c,2008.
300 _axxxiii,1065p.
_bN.A
_fOriginal
500 _aIncludes Index
600 _aEngineering Technology
650 _aTechnology
942 _cBK
999 _c10494
_d10494